Numerical methods for engineers (Record no. 10326)

MARC details
000 -LEADER
fixed length control field 00743nam a2200241Ia 4500
003 - CONTROL NUMBER IDENTIFIER
control field IN-BaIIA
008 - FIXED-LENGTH DATA ELEMENTS--GENERAL INFORMATION
fixed length control field 211028s9999 xx 000 0 eng d
020 ## - INTERNATIONAL STANDARD BOOK NUMBER
International Standard Book Number 0-07-100412-2
040 ## - CATALOGING SOURCE
Transcribing agency IIA Library
080 ## - UNIVERSAL DECIMAL CLASSIFICATION NUMBER
Universal Decimal Classification number 519.6
Item number CHA
100 ## - MAIN ENTRY--PERSONAL NAME
Personal name Chapra, Steven C.
9 (RLIN) 17548
245 #0 - TITLE STATEMENT
Title Numerical methods for engineers
Statement of responsibility, etc. Steven C. Chapra and Raymond P. Canale
250 ## - EDITION STATEMENT
Edition statement 2nd ed.
260 ## - PUBLICATION, DISTRIBUTION, ETC.
Place of publication, distribution, etc. New York
Name of publisher, distributor, etc. McGraw-Hill
Date of publication, distribution, etc. 1988
300 ## - PHYSICAL DESCRIPTION
Extent xvii, 812p.
490 ## - SERIES STATEMENT
Series statement Applied Mathematics Series
650 ## - SUBJECT ADDED ENTRY--TOPICAL TERM
Topical term or geographic name entry element Applied Mathematics
9 (RLIN) 1718
650 ## - SUBJECT ADDED ENTRY--TOPICAL TERM
Topical term or geographic name entry element Engineering Mathematics
9 (RLIN) 2342
650 ## - SUBJECT ADDED ENTRY--TOPICAL TERM
Topical term or geographic name entry element NASA Thesaurus
650 ## - SUBJECT ADDED ENTRY--TOPICAL TERM
Topical term or geographic name entry element Numerical Methods
9 (RLIN) 5657
700 ## - ADDED ENTRY--PERSONAL NAME
Personal name Canale, Raymond P
9 (RLIN) 17549
942 ## - ADDED ENTRY ELEMENTS (KOHA)
Koha item type Books
Holdings
Withdrawn status Lost status Damaged status Not for loan Home library Current library Shelving location Date acquired Cost, normal purchase price Total Checkouts Full call number Barcode Date last seen Cost, replacement price Price effective from Koha item type Purchase Price
        IIA Library-Bangalore IIA Library-Bangalore General Stacks 04/03/1992 416.46   519.6/ CHA 11236 05/11/2021 416.46 04/03/1992 Books Rs. 416.46

Powered by Koha